| 000 | 00674nam a22002177a 4500 | ||
|---|---|---|---|
| 003 | OSt | ||
| 005 | 20230928111542.0 | ||
| 008 | 230928b |||||||| |||| 00| 0 eng d | ||
| 040 | _cLadoV | ||
| 082 |
_a779 _bL864a |
||
| 100 |
_91128 _aLópez, Rosario _eautor |
||
| 245 | _aAbismo/ | ||
| 260 |
_c2007 _bLa Biennale de Venecia |
||
| 300 |
_a58p. _c16x16cm |
||
| 650 |
_2Tesauro de Arte & Arquitectura _aARTE |
||
| 650 |
_2Tesauro de Arte & Arquitectura _aCOLECCION _9703 |
||
| 650 |
_2Tesauro de Arte & Arquitectura _aFOTOGRAFÍA _9702 |
||
| 650 |
_2Tesauro de Arte & Arquitectura _aCRITICA |
||
| 700 |
_aOMBU _eautor |
||
| 942 |
_2ddc _c1 _h779 _iL864a _n0 |
||
| 999 |
_c4425 _d4425 |
||